Score 0/25 Timer 05:00
1 Play Today
% Correct
COMMAN___ING
75%
LEAP___GED
73%
OBN___IOUS
72.5%
FR___OADER
71%
P___OMENON
69.1%
KA___ING
65.7%
FOR___ANCE
63%
SUGAR___NG
62.9%
BEJ___L
62.5%
___KY
61.6%
FRIS___S
61.5%
RE___ABLE
61.5%
S___OT
60.9%
% Correct
OUT___ED
59.9%
H___CUS
57.6%
SEL___LY
55.5%
UN___PED
53.8%
EX___BLE
52.3%
BENE___NT
49.8%
MA___ANY
48.5%
E___MOUS
48.3%
E___IENCE
45.1%
F___TRY
41.5%
MOT___DE
37.5%
EXE___LE
29.7%

You're not logged in!

Compare scores with friends on all Sporcle quizzes.
OR
Log In

Sporcle TV

Today on Sporcle TV


Watch our educational content, quiz creation guides, and fun videos on Sporcle TV.

Show Comments

Extras

Top Quizzes Today


Score Distribution

Paid Content

Your Account Isn't Verified!

In order to create a playlist on Sporcle, you need to verify the email address you used during registration. Go to your Sporcle Settings to finish the process.

Report this User

Report this user for behavior that violates our Community Guidelines.

Details: